000 01127nam0a2200337 4500
001 RU\NLR\bibl\1702419
005 20250616062121.0
010 _a978-5-389-01110-6
_95000
021 _aRU
_b2010-80057
_95337
035 _a(nilc)RSL-KNO-004750314
035 _a(NLR Aleph) 001693489
090 _a1175567
_c1175567
100 _a20101018d2010 |||y0rusy50 ca
101 1 _arus
_ceng
102 _aRU
105 _ay zzzz|||||
200 1 _aДевятый круг
_eроман
_fАлекс Белл
_g[пер. с англ. В. Ильина]
210 _aСанкт-Петербург
_cАзбука
_d2010
215 _a317, [1] с.
_d21
225 1 _aMystery
225 1 _aМистический бестселлер
686 _aШ5(7США)62-644.5
_2rubbk
686 _aШ6(4Вл)67-445{Лх1299-62}
700 1 _4070
_7ca
_8rus
_aБелл
_bА.
_cписатель, фэнтези
_f1986-
_gАлекс
_9206825
_3RU\NLR\AUTH\770206877
801 0 _aRU
_bРГБ
_c20101018
_grcr
801 1 _aRU
_bРГБ
_c20101018
801 2 _aRU
_bNLR
_c20101119
_grcr
942 _cBOOK
980 _aNB